Cohesion policy and European integration : building multi-level governance

Αποθηκεύτηκε σε:
Λεπτομέρειες βιβλιογραφικής εγγραφής
Άλλοι συγγραφείς: Hooghe, Liesbet (Επιμελητής έκδοσης)
Μορφή: Βιβλίο
Γλώσσα:English
Δημοσίευση: Oxford : Oxford University Press, 1996
Θέματα:
Ετικέτες: Προσθήκη ετικέτας
Δεν υπάρχουν, Καταχωρήστε ετικέτα πρώτοι!

MARC

LEADER 00000nam a2200000 i 4500
001 1/87266
008 990722s1996 eng d
020 |a 0-19-828064-5 
035 |l 10052257 
040 |a GR-MY-UA  |b gre  |e aacr 
041 0 |a eng 
082 0 |a 337.14 
245 1 0 |a Cohesion policy and European integration :  |b building multi-level governance /  |c Edited by Liesbet Hooghe 
260 |a Oxford :   |b Oxford University Press,   |c 1996 
300 |a 458 p.;  |b ill.;  |c 23 cm. 
504 |a Includes bibliographical references and index 
650 0 0 |a Regionalism  |z European Union countries. 
700 1 |a Hooghe, Liesbet.  |4 edt 
852 |a INST  |b LESVOS  |e 19990722  |h 337.14 COH  |p 005100019825  |q 005100019825  |t BK  |y 0 
901 |a BIBL1-1999-2 
909 |a Λ  |b 062774 
922 |a 1ΕΛΗ  |b 199812  |c ΚΠΣ/ΤΓ  |d LEADER 
950 |a 118-1998-10-19 
970 |a ΜΟΥΣΤΑΚΑ  |b ΠΗΝΕΛΟΠΗ  |z 1999/07/31